000
00196 a2200097 4500
001
57379
100
_a
245
_a
Tayyeb
260
_a
LAhore
_b
Al-Faisal
_c
1996
090
_c
35139
_d
35139
942
_a
NUST-CAE
_c
MONOGRAPH
_c
27935
999
_c
292452
_d
292452